Olympic Host cities Quiz Stats

 Plays Quiz not verified by Sporcle

Support Sporcle.
Go Orange.
Score 0/17 Timer 05:00
0 Plays Today
Year Answer % Correct
2008Beijing
98.2%
2012London
98.2%
2022Beijing
98.2%
2004Athens
96.5%
2016Rio de Janeiro
96.5%
2000Sydney
94.7%
2014Sochi
93%
2010Vancouver
91.2%
1996Atlanta
89.5%
Year Answer % Correct
2006Turin
89.5%
2002Salt Lake City
84.2%
2020Tokyo
82.5%
2024Paris
82.5%
2018Pyeongchang
80.7%
1994Lillehammer
78.9%
1998Nagano
78.9%
2028Los Angeles
70.2%

You're not logged in!

Compare scores with friends on all Sporcle quizzes.
OR
Log In

From the Vault

US Supreme Court Justices

by trimenes6

Tough quiz? - you be the judge...oh I kill me.
Remove Ads.
Support Sporcle.
Get the best of Sporcle when you Go Orange. This ad-free experience offers more features, more stats, and more fun while also helping to support Sporcle. Thank you for becoming a member.

Show Comments

Extras

Top Quizzes Today


Score Distribution

Your Account Isn't Verified!

In order to create a playlist on Sporcle, you need to verify the email address you used during registration. Go to your Sporcle Settings to finish the process.

Report this User

Report this user for behavior that violates our Community Guidelines.

Details: